000 01067namaa22003251i 4500
003 EG-GICUC
005 20260105131316.0
008 260105s1990 uk ||||jr|||| 00| 0 ara d
020 _a185513098x
040 _aEG-GiCUC
_bara
_cEG-GiCUC
_dEG-GiCUC
_erda
043 _aa-mk---
082 0 4 _221
_a953.4
_bS5328
092 0 4 _221
_a953.4
_bS5328
099 _a953.4 S5328
100 1 _aالشارونى، يوسف
_eمؤلف.
245 1 0 _aملامح عمانية /
_cيوسف الشارونى
250 _aالطبعة الاولى
264 _aلندن :
_bرياض الريس للكتب والنشر،
_c1990.
300 _a259 : صفحة
_bصور،
_c20 سم
336 _2rdacontent
_atext
337 _2rdamedia
_aUnmediated
338 _2rdacarrier
_avolume
490 _aالسلسلة العمانية ؛
504 _a247-255 ببليوجرافيا: صفحات.
541 _aد. جابر عصفور ؛
_bالقاهرة ؛
_cإهداء ؛
_d2024.
650 1 _2qrmak
651 1 _2qrmak
_aعمان
905 _aNermeen
942 _2ddc
_cBK
_e21
_n0
999 _c177418
_d177418